000 00457nam a2200193Ia 4500
005 20240823034955.0
008 240823s9999||||xx |||||||||||||| ||und||
020 _a978-81-84738-742-4
041 _aENGLISH
082 _A813.6 Q0
100 _aRachel Renee Russell
245 0 _aDork diaries Party Time
250 _a1st
260 _c2010
_b"Simon and Schuster,New"
500 _aYES
650 _aNovel
_bEnglish
942 _cBK
999 _c199574
_d199574